LEADER 00885nam a2200205 i 4500 001 000000259294 003 CaOOAMICUS 005 20180830233956.0 008 180830s1974 xx u000 u mul u 013 $a238202 040 $aSeMil$bita 100 1 $aEsser, Kajetan .$0(OLS)http://semarc/name/90338 245 10$aTextkritische Untersuchungen zur Regula non bullata der Minderbruder /$cKajetan Esser. 490 0 $aSpicilegium Bonaventurianum ;$v9. 650 4$aTeologia - Medioevo.$0(OLS)http://semarc/subject/4293 830 0$aSpicilegium Bonaventurianum ;$v9.$0(OLS)http://semarc/title/542 850 $aSeMil 852 $aSeMil$W1$xVenegono$y1$B233863$CSeMilBibl$Z2$F233863 $82 961 $aSottoscrizione: Frati Editori di Quaracchi 996 $6245$aTextkritische Untersuchungen zur Regula non bullata der Minderbruder$9(OLS)http://semarc/title/414079 LEADER 01080nam a2200277 i 4500 001 000000041366 003 CaOOAMICUS 005 20220520170530.0 008 100826s1981 it u000 u ita u 013 $a12536 040 $aSeMil$bita 100 1 $aSchopenhauer, Arthur,$d<1788-1860>.$0(OLS)http://semarc/name/5545 245 10$aTomo 1 /$ca cura di Giorgio Colli. 264 1$aMilano :$bAdelphi,$c1981. 300 $a684 p. ;$c21 cm. 490 0 $aClassici ;$v43 541 0 $aFondo Ciprandi (2OA VII 44) 700 1 $aColli, Giorgio,$d<1917-1979>.$0(OLS)http://semarc/name/922 773 0 $aSchopenhauer, Arthur <1788-1860>$tParerga e paralipomena.$dMilano : Adelphi, 1981.$g1$w()23715 830 0$aClassici ;$v43.$0(OLS)http://semarc/title/7072 850 $aSeMil 852 $aSeMil$W1$xVenegono$y1$m2OA VII 44$j211887$B7521$CSeMilBibl$Z2$F7521 $81 961 $aOmaggio: Ciprandi dott. Paolo 996 $6245$aTomo 1$9(OLS)http://semarc/title/53240 996 $6264$aMilano :$bAdelphi$9(OLS)http://semarc/publisher/30018